Statistics for European Countries with NO Extradition Treaty with the US

Click here to take the quiz!

General Stats

  • This quiz has been taken 90 times
  • The average score is 8 of 11

Answer Stats

Country% Correct
Russia
96%
Belarus
92%
Ukraine
89%
Serbia
82%
Kosovo
75%
Moldova
75%
Vatican
73%
Bosnia and Herzegovina
68%
Montenegro
68%
North Macedonia
66%
Andorra
63%

Score Distribution

Percentile by Number Answered

Percent of People with Each Score

Your Score History

You have not taken this quiz